LEADER 00763nam0-22002891i-450- 001 990001854880403321 005 20021010 035 $a000185488 035 $aFED01000185488 035 $a(Aleph)000185488FED01 035 $a000185488 100 $a20021010d--------km-y0itay50------ba 101 0 $aita 200 1 $aHistoria filosofica de la quimica$fJulio J. Gatti. 210 $as.l.$cs.e.$d1904. 215 $ap. 87-114$d25 cm 610 0 $aChimica - filosofia 676 $a540.1 700 1$aGatti,$bJulio J.$0358263 801 0$aIT$bUNINA$gRICA$2UNIMARC 901 $aBK 912 $a990001854880403321 952 $a60 MISC. B 94$b$fFAGBC 959 $aFAGBC 996 $aHistoria filosofica de la quimica$9413853 997 $aUNINA DB $aING01 LEADER 01230nam0-2200361li-450 001 990000255890203316 005 20180312154659.0 010 $a0-521-65589-7 035 $a0025589 035 $aUSA010025589 035 $a(ALEPH)000025589USA01 035 $a0025589 100 $a2001999011999-------y0itay0103----ba 101 0 $aeng 102 $aGB 200 1 $a<> introduction to chaos in nonequilibrium statistical mechanics$fJ. R. Dorfman 210 $aCambridge$cUniversity Press$dcopyr. 1999 215 $aXIV, 287 p.$cill.$d23 cm. - (Cambridge lecture notes in physics$d14) 610 1 $ameccanica statistica 676 $a53013$9Fisica statistica (Meccanica Statistica) 700 1$aDorfman,$bJ. R.$0605727 801 $aSistema bibliotecario di Ateneo dell' Università di Salerno$gRICA 912 $a990000255890203316 951 $a530.13 DOR$b0024433/cbs$c530.13$d00325228 959 $aBK 969 $aSCI 979 $c19990102 979 $c20001110$lUSA01$h1715 979 $c20020403$lUSA01$h1633 979 $aPATRY$b90$c20040406$lUSA01$h1618 979 $aRSIAV7$b90$c20090727$lUSA01$h1426 996 $aIntroduction to chaos in nonequilibrium statistical mechanics$91489133 997 $aUNISA